[Event "Bogota IRT op 06"]
[Site "Bogota"]
[Date "2012.06.09"]
[Round "3"]
[White "Zuluaga Torres, Juan Pablo"]
[Black "Torres, Daza Jairo"]
[Result "1-0"]
[WhiteElo "1945"]
[BlackElo "1638"]
[PlyCount "25"]
[EventDate "2012.06.08"]
[EventType "swiss"]
[EventRounds "7"]
[EventCountry "COL"]
[SourceTitle "CBM 148 Extra"]
[Source "ChessBase"]
[SourceDate "2012.06.22"]
[SourceVersion "1"]
[SourceVersionDate "2012.06.22"]
[SourceQuality "1"]

1. e4 e5 2. Nf3 f6 3. Bc4 Ne7 4. d4 d6 5. 0-0 Bg4 6. Be3 Bxf3 7. Qxf3 c6 8. Nc3 b5 9. Bb3 Na6 10. Rad1 Nc7 11. dxe5 fxe5 12. Bf7+ Kd7 13. Qg4+ 1-0